000
00255nam a2200109Ia 4500
008
190216s9999||||xx |||||||||||||| ||und||
100
_a
Aswathappa
245
0
_a
Organisational Behaviour
260
_b
Sulthan Chand&Sons
_c
1999
300
_a
676
942
_c
BK
999
_c
7173
_d
7173